[Event "Kouty nad Desnou op-B"]
[Site "Kouty nad Desnou"]
[Date "2010.03.12"]
[Round "8"]
[White "Kaser, Jiri"]
[Black "Luzik, Libor"]
[Result "1-0"]
[WhiteElo "1732"]
[BlackElo "1686"]
[PlyCount "125"]
[EventDate "2010.03.06"]
[EventType "swiss"]
[EventRounds "9"]
[EventCountry "CZE"]
[SourceTitle "EXT 2012"]
[Source "ChessBase"]
[SourceDate "2011.11.24"]
[SourceVersion "1"]
[SourceVersionDate "2011.11.24"]
[SourceQuality "1"]

1. e4 d5 2. exd5 Nf6 3. c4 c6 4. dxc6 Nxc6 5. Nf3 Bg4 6. Be2 e6 7. d3 Bd6 8. 0-0 0-0 9. Nc3 a6 10. Bg5 h6 11. Bh4 Ne7 12. Bxf6 gxf6 13. Ne4 f5 14. Nxd6 Qxd6 15. Nd2 Qd4 16. b3 Rad8 17. Nf3 Qd6 18. h3 Bh5 19. Qd2 Kh7 20. Rfd1 Rg8 21. Nh4 Ng6 22. Nxg6 Bxg6 23. Bf3 b6 24. Qe2 Rg7 25. g3 Rdg8 26. Bg2 f4 27. g4 f5 28. f3 fxg4 29. fxg4 e5 30. Kh1 Rf8 31. Be4 Qd4 32. Bxg6+ Rxg6 33. Qf3 a5 34. Re1 Rd8 35. Rad1 Rgd6 36. Re2 Kg6 37. Kg2 Kg5 38. Qe4 Qxe4+ 39. Rxe4 Kf6 40. Rde1 Re8 41. d4 Rde6 42. dxe5+ Kg5 43. Rf1 Rxe5 44. Rexf4 Re1 45. Rf5+ Kg6 46. Rf6+ Kg7 47. Rxe1 Rxe1 48. Rxb6 Re2+ 49. Kf3 Rxa2 50. c5 Kf7 51. c6 Ke7 52. c7 Kd7 53. Rc6 Kc8 54. h4 Ra3 55. Ke4 Rxb3 56. Rc4 Rb4 57. Rxb4 axb4 58. g5 hxg5 59. hxg5 Kxc7 60. g6 b3 61. Kd3 Kd7 62. g7 b2 63. Kc2 1-0

[Event "CZE-ch Juniors op-B"]
[Site "Kouty nad Desnou"]
[Date "2009.03.08"]
[Round "2"]
[White "Kaser, Jiri"]
[Black "Bocek, Tadeas"]
[Result "1/2-1/2"]
[WhiteElo "1687"]
[BlackElo "1540"]
[PlyCount "114"]
[EventDate "2009.03.07"]
[EventType "swiss"]
[EventRounds "9"]
[EventCountry "CZE"]
[SourceTitle "EXT 2011"]
[Source "ChessBase"]
[SourceDate "2010.11.26"]
[SourceVersion "1"]
[SourceVersionDate "2010.11.26"]
[SourceQuality "1"]

1. e4 c5 2. Nc3 Nc6 3. Nf3 g6 4. Bc4 Bg7 5. 0-0 e6 6. Re1 Nge7 7. d3 0-0 8. Be3 d6 9. d4 cxd4 10. Nxd4 a6 11. a4 Qc7 12. Nxc6 Nxc6 13. Bb3 Bd7 14. Bf4 e5 15. Be3 Be6 16. Nd5 Bxd5 17. Bxd5 Nb4 18. Bb3 Nc6 19. Qd2 Na5 20. Bd5 Nc4 21. Qc3 Rac8 22. b3 Nxe3 23. Qxe3 Qxc2 24. Rac1 Qb2 25. Bxb7 Rxc1 26. Rxc1 Rb8 27. Bd5 Qd4 28. Qe2 Qa7 29. Qc4 Rf8 30. Qc7 Qd4 31. Qxd6 Qb2 32. Rf1 Qe2 33. b4 h6 34. Qc6 Qb2 35. Qxa6 Qxb4 36. Qb5 Qxb5 37. axb5 Rb8 38. Bc6 f5 39. f3 f4 40. Ra1 g5 41. Ra7 Kh7 42. Ra6 Bf8 43. Kf1 Bc5 44. Bd7 Rb7 45. Rc6 Rxb5 46. Rxh6+ Kxh6 47. Bxb5 Bd6 48. g3 fxg3 49. hxg3 Bc5 50. Bd7 Kg6 51. Kg2 Kf6 52. Kh3 Be3 53. Kg4 Bd2 54. Bf5 Be3 55. f4 gxf4 56. Kf3 Bc1 57. g4 Kg5 1/2-1/2